6-Letter to 7-Letter (A-Z) Quiz Stats

 Plays Quiz Updated Apr 26, 2018

Challenge
Share
Tweet
Score 0/24 Timer 08:00
0 Plays Today
Six-Letter Word Definition Words % Correct
(B) + Tennis equipmentB - RACKET
93.5%
(C) + Sent to the gallowsC - HANGED
86.1%
(A) + Sports awardA - TROPHY
85.6%
(K) + Arabian and Silent, e.g.K - NIGHTS
79.3%
(O) + Mountain chainsO - RANGES
75.2%
(P) + Walk heavilyP - LUMBER
74.7%
(V) + Bowling spotsV - ALLEYS
73.5%
(T) + Rationale or motivationT - REASON
72%
(Y) + Storefront canopyY - AWNING
68.9%
(S) + Roll around in the mudS - WALLOW
66.9%
(Z) + Organic chemical compoundsZ - ESTERS
62.7%
(L) + Calling balls and strikesL - UMPING
60.8%
Six-Letter Word Definition Words % Correct
(G) + Pay attentionG - LISTEN
58.2%
(M) + Flammable gasM - ETHANE
55.5%
(E) + United, as companiesE - MERGED
55.4%
(W) + Rulers have themW - INCHES
54.2%
(F) + Authentic; existingF - ACTUAL
50.4%
(J) + Forcible removal from officeJ - OUSTER
48%
(N) + Heart chamberN - ATRIUM
47.4%
(R) + Heir's legacyR - ESTATE
36%
(I) + Pertaining to or affecting both earsI - DIOTIC
31.7%
(U) + AcclaimU - PRAISE
31.4%
(D) + Split apartD - RIFTED
23.6%
(H) + Carrying limitH - ARMFUL
21%

You're not logged in!

Compare scores with friends on all Sporcle quizzes.
Join for Free
OR
Log In

You Might Also Like...

Show Comments

Extras

Top Quizzes Today


Score Distribution

Your Account Isn't Verified!

In order to create a playlist on Sporcle, you need to verify the email address you used during registration. Go to your Sporcle Settings to finish the process.

Report this User

Report this user for behavior that violates our Community Guidelines.

Details: